[Event "Ch RUS Women Higher League 2010"]
[Site "St. Petersburg RUS"]
[Date "2010.08.27"]
[Round "2"]
[White "Suslova, Alena"]
[Black "Kashlinskaya, Alina"]
[Result "1-0"]
[WhiteElo "2210"]
[BlackElo "2352"]
[Annotator ""]
[Source ""]
[Remark ""]

1.d4 Nf6 2.Bg5 e6 3.Nf3 h6 4.Bh4 d5 5.e3 Be7 6.Bd3 O-O 7.Nbd2
b6 8.O-O Bb7 9.Ne5 c5 10.c3 Nc6 11.Bg3 Nxe5 12.Bxe5 Nd7 13.Bg3
Bf6 14.Nf3 Qe7 15.Re1 Rfd8 16.Qc2 Rac8 17.Rad1 c4 18.Be2 b5 19.Ne5
Nb6 20.f3 h5 21.f4 g6 22.Bf2 a5 23.h3 Nd7 24.Bf3 Kg7 25.e4 dxe4
26.Bxe4 Bxe4 27.Qxe4 Qd6 28.d5 Nc5 29.Qf3 exd5 30.g4 hxg4 31.hxg4
Kg8 32.Bd4 Ne6 33.Bf2 Nc5 34.Bd4 Ne6 35.Bf2 Rc7 36.Bg3 Re7 37.Kg2
Ng5 38.Qf2 Bxe5 39.fxe5 Qe6 40.Qf4 Nh7 41.Bh4 g5 42.Bxg5 Nxg5
43.Qxg5+ Qg6 44.Qxe7 Qxg4+ 45.Kf2 Qf4+ 46.Ke2 Qh2+ 47.Ke3 d4+
48.Rxd4 Qg3+ 49.Ke2 Rxd4 50.cxd4 Qd3+ 51.Kf2 Qd2+ 52.Re2 Qf4+
53.Kg1 Qxd4+ 54.Rf2 Qd1+ 55.Kh2 Qh5+ 56.Kg3 Qg6+ 57.Kf4 1-0

[Event "Ch RUS Women Higher League 2010"]
[Site "St. Petersburg RUS"]
[Date "2010.08.27"]
[Round "2"]
[White "Belenkaya, Dina"]
[Black "Pustovoitova, Daria"]
[Result "1/2-1/2"]
[WhiteElo "2135"]
[BlackElo "2338"]
[Annotator ""]
[Source ""]
[Remark ""]

1.e4 e5 2.Nf3 Nf6 3.Nxe5 d6 4.Nf3 Nxe4 5.Nc3 Nf6 6.d4 Be7 7.h3
O-O 8.Bd3 c6 9.O-O Na6 10.a3 Nc7 11.Bf4 b5 12.a4 b4 13.Ne4 Nfd5
14.Bd2 Ne6 15.Re1 c5 16.c4 bxc3 17.bxc3 cxd4 18.cxd4 Ndf4 19.Bb5
Bb7 20.Bb4 Rb8 21.Qd2 a6 22.Ba5 Qc8 23.Rac1 Qxc1 24.Qxc1 axb5
25.Qd1 Rfc8 26.axb5 Bxe4 27.Rxe4 Rxb5 28.Bd2 Nd5 29.Re1 h6 30.Qa4
Rcb8 31.Rc1 Bf6 32.Be3 Rb1 33.Rxb1 Rxb1+ 34.Kh2 Nec7 35.Qd7 Rb6
36.Bd2 Ra6 37.Bb4 Be7 38.Qc8+ Bf8 39.Bd2 Ra2 40.Be1 Re2 41.Kg1
Rb2 42.Ba5 Ne6 43.Qc4 Nb6 44.Bxb6 Rxb6 45.Qc8 Rb4 46.Qc3 d5 47.Qc6
Nxd4 48.Qxd5 Nxf3+ 49.Qxf3 g6 50.Qc3 Rb8 51.g3 Bg7 52.Qe3 Rd8
53.Kg2 h5 54.f4 f5 55.Qe7 Rf8 56.Kf3 Kh7 57.g4 fxg4+ 58.hxg4
hxg4+ 59.Kxg4 Rf5 1/2-1/2

[Event "Ch RUS Women Higher League 2010"]
[Site "St. Petersburg RUS"]
[Date "2010.08.27"]
[Round "2"]
[White "Tomilova, Elena"]
[Black "Bezgodova, Svetlana"]
[Result "1-0"]
[WhiteElo "2311"]
[BlackElo "2114"]
[Annotator ""]
[Source ""]
[Remark ""]

1.d4 d5 2.c4 e6 3.Nc3 c5 4.cxd5 exd5 5.Nf3 Nc6 6.g3 Nf6 7.Bg2
Be7 8.O-O O-O 9.Bg5 cxd4 10.Nxd4 Be6 11.Rc1 Qd7 12.Nxe6 fxe6
13.Qd2 h6 14.Bxf6 Bxf6 15.Ne4 Rad8 16.Nxf6+ Rxf6 17.e3 e5 18.Rfd1
Rd6 19.Qe2 Qf7 20.Rd2 d4 21.Bxc6 Rxc6 22.Rcd1 Qxa2 23.exd4 exd4
24.Rxd4 Rxd4 25.Rxd4 Rc1+ 26.Kg2 Qb1 27.Rd8+ Kh7 28.Qe6 Rg1+
29.Kh3 Rd1 30.Re8 Qd3 31.Qg8+ Kg6 32.Re6+ Kh5 33.Qf7+ 1-0

[Event "Ch RUS Women Higher League 2010"]
[Site "St. Petersburg RUS"]
[Date "2010.08.28"]
[Round "3"]
[White "Stepovaia, Tatiana"]
[Black "Severiukhina, Zoja"]
[Result "1-0"]
[WhiteElo "2375"]
[BlackElo "2341"]
[Annotator ""]
[Source ""]
[Remark ""]

1.e4 e6 2.d4 d5 3.Nc3 Bb4 4.e5 c5 5.a3 Bxc3+ 6.bxc3 Qc7 7.Nf3
b6 8.Bb5+ Bd7 9.Bd3 Ba4 10.O-O Ne7 11.h4 h6 12.h5 c4 13.Be2 Kd7
14.Nh4 Nbc6 15.Bg4 Rag8 16.f4 g6 17.Be3 Qd8 18.Bf2 Qf8 19.Rc1
Rh7 20.Qf3 Rhg7 21.Qh3 Nf5 22.Bf3 b5 23.hxg6 fxg6 24.g4 Nxh4
25.Bxh4 Qxa3 26.Bf6 Rh7 27.Bg2 Qb2 28.f5 gxf5 29.gxf5 Bxc2 30.fxe6+
Kc7 31.Rxc2 Qxc2 32.Qf3 Re7 33.Bxe7 Nxe7 34.Rf2 Qc1+ 35.Kh2 Qg5
36.Qf4 Qxf4+ 37.Rxf4 a5 38.Rf7 Kd8 39.Bxd5 Ke8 40.Be4 Rg4 41.d5
Rxe4 42.d6 Re2+ 43.Kg1 Ng6 44.Rb7 Kf8 45.Rb8+ Kg7 46.e7 Rxe5
47.e8Q Rxe8 48.Rxe8 Nf8 49.d7 Nxd7 50.Re7+ Kf6 51.Rxd7 Ke5 52.Kf2
b4 53.Ra7 Ke4 54.Rxa5 bxc3 55.Ke2 Kf4 56.Rh5 1-0

[Event "Ch RUS Women Higher League 2010"]
[Site "St. Petersburg RUS"]
[Date "2010.08.28"]
[Round "3"]
[White "Girya, Olga"]
[Black "Nebolsina, Vera"]
[Result "0-1"]
[WhiteElo "2376"]
[BlackElo "2349"]
[Annotator ""]
[Source ""]
[Remark ""]

1.Nf3 Nf6 2.c4 g6 3.b4 Bg7 4.Bb2 O-O 5.e3 d6 6.d4 c5 7.bxc5 dxc5
8.Nbd2 cxd4 9.exd4 Nh5 10.Be2 Nc6 11.Nb3 a5 12.Qd2 a4 13.Nc1
Qc7 14.Nd3 Nf6 15.O-O a3 16.Bc1 Rd8 17.Qf4 Qxf4 18.Nxf4 Ne4 19.Be3
Nb4 20.Rfc1 g5 21.Nd5 Nxd5 22.cxd5 h6 23.Rc7 Nf6 24.Bc4 Ne8 25.Rc5
b6 26.Rc6 Nd6 27.Bb3 Rb8 28.Re1 Bd7 29.Rc7 Nb5 30.Rcc1 f6 31.Nd2
Kf8 32.h3 f5 33.Nf3 f4 34.Bd2 Nxd4 35.Nxd4 Bxd4 36.Bb4 Bc5 37.Bxc5
bxc5 38.Rxc5 Rdc8 39.Rec1 Ke8 40.Kf1 Bb5+ 41.Ke1 Kd7 42.Kd2 Rxc5
43.Rxc5 Kd6 44.Rc3 Bd7 45.Rc4 Rb5 46.Re4 Rb8 47.h4 gxh4 48.Kc3
f3 49.gxf3 h3 50.Rh4 Rf8 51.f4 Kc5 52.f5 Bxf5 53.Rxh6 Bd7 54.d6
Rf3+ 55.Kd2 Rxb3 0-1

[Event "Ch RUS Women Higher League 2010"]
[Site "St. Petersburg RUS"]
[Date "2010.08.28"]
[Round "3"]
[White "Molchanova, Tatjana"]
[Black "Kindinova, Ekaterina"]
[Result "1-0"]
[WhiteElo "2381"]
[BlackElo "2185"]
[Annotator ""]
[Source ""]
[Remark ""]

1.e4 c5 2.Nf3 e6 3.d4 cxd4 4.Nxd4 a6 5.Be2 Nf6 6.Nc3 Qc7 7.O-O
b5 8.Bf3 Bb7 9.e5 b4 10.Ncb5 axb5 11.exf6 gxf6 12.Nxb5 Qb6 13.Bxb7
Qxb7 14.Nd6+ Bxd6 15.Qxd6 Rg8 16.f3 Ra6 17.Qd3 Rg6 18.a4 Nc6
19.b3 Ra5 20.Bb2 h5 21.Rad1 Ne7 22.Rfe1 Nf5 23.Re4 Ne7 24.c4
bxc3 25.Qxc3 Rag5 26.Rd2 Nd5 27.Qc4 Ne7 28.Qb4 Qa7+ 29.Bd4 Qa8
30.Rc2 Nc6 31.Qc4 Nxd4 32.Rxd4 d5 33.Qb4 e5 34.Rdd2 d4 35.Rc7
Qd8 36.Qc4 Qd6 37.Qxf7+ Kd8 38.Ra7 1-0

[Event "Ch RUS Women Higher League 2010"]
[Site "St. Petersburg RUS"]
[Date "2010.08.28"]
[Round "3"]
[White "Stjazhkina, Olga"]
[Black "Kovanova, Baira"]
[Result "0-1"]
[WhiteElo "2273"]
[BlackElo "2376"]
[Annotator ""]
[Source ""]
[Remark ""]

1.Nf3 Nf6 2.c4 e6 3.Nc3 b6 4.e4 d6 5.d4 Bb7 6.Bd3 c5 7.O-O cxd4
8.Nxd4 Be7 9.b3 O-O 10.Bb2 Nc6 11.Bc2 Nb4 12.Bb1 Rc8 13.Kh1 Qd7
14.f4 Rfd8 15.a3 Nc6 16.Nxc6 Bxc6 17.Qd3 Qb7 18.Bc2 g6 19.Rae1
d5 20.cxd5 exd5 21.e5 d4 22.exf6 dxc3 23.Rxe7 Rxd3 24.Rxb7 Rd2
25.Rd1 Bxb7 26.Rxd2 cxd2 27.Bd1 Rc1 0-1

[Event "Ch RUS Women Higher League 2010"]
[Site "St. Petersburg RUS"]
[Date "2010.08.28"]
[Round "3"]
[White "Bezgodova, Maria"]
[Black "Shadrina, Tatiana"]
[Result "1-0"]
[WhiteElo "2170"]
[BlackElo "2374"]
[Annotator ""]
[Source ""]
[Remark ""]

1.e4 c5 2.Nf3 d6 3.d4 cxd4 4.Nxd4 Nf6 5.Nc3 a6 6.Be2 e6 7.O-O
Be7 8.f4 Qc7 9.Be3 O-O 10.Qe1 b5 11.a3 Bb7 12.Bf3 Nbd7 13.Qg3
Nc5 14.e5 Nfe4 15.Nxe4 Nxe4 16.Bxe4 Bxe4 17.f5 Bxf5 18.Rxf5 exf5
19.Nxf5 g6 20.exd6 Bxd6 21.Qxd6 Qxd6 22.Nxd6 Rad8 23.Bc5 Rb8
24.Re1 f5 25.Re7 Rbd8 26.Re6 Rd7 27.Kf2 Rfd8 28.Ke3 Kg7 29.Kf4
h6 30.c3 Kh7 31.h4 Rg7 32.Bd4 g5+ 33.Kf3 Rg6 34.Re7+ Kg8 35.Nb7
Rd5 36.h5 Rc6 37.b4 Kf8 38.Rh7 Kg8 39.Rh8+ 1-0

[Event "Ch RUS Women Higher League 2010"]
[Site "St. Petersburg RUS"]
[Date "2010.08.28"]
[Round "3"]
[White "Zakurdjaeva, Irina"]
[Black "Dogodkina, Julia"]
[Result "1-0"]
[WhiteElo "2280"]
[BlackElo "2102"]
[Annotator ""]
[Source ""]
[Remark ""]

1.e4 e6 2.Qe2 c5 3.g3 Ne7 4.Bg2 d5 5.d3 Nbc6 6.f4 dxe4 7.dxe4
Nd4 8.Qd3 e5 9.c3 c4 10.Qd2 Nec6 11.cxd4 Bb4 12.Nc3 exd4 13.Nf3
Qb6 14.Qc2 Bg4 15.Bd2 dxc3 16.bxc3 Ba5 17.Rb1 Qc5 18.a4 Bb6 19.Rf1
O-O-O 20.h3 Bxf3 21.Bxf3 Rxd2 22.Qxd2 Rd8 23.Rb5 Qa3 24.Rd5 Re8
25.Ke2 Qxa4 26.Rd1 Qa3 27.e5 Ne7 28.Rc5+ 1-0

[Event "Ch RUS Women Higher League 2010"]
[Site "St. Petersburg RUS"]
[Date "2010.08.28"]
[Round "3"]
[White "Markelova, Lubov"]
[Black "Kovalevskaya, Ekaterina"]
[Result "0-1"]
[WhiteElo "2075"]
[BlackElo "2447"]
[Annotator ""]
[Source ""]
[Remark ""]

1.Nf3 Nf6 2.c4 c5 3.Nc3 Nc6 4.d4 cxd4 5.Nxd4 e6 6.a3 Be7 7.e4
O-O 8.Be2 d5 9.exd5 exd5 10.Be3 dxc4 11.Nxc6 bxc6 12.Bxc4 Ng4
13.Qxd8 Rxd8 14.O-O Bf5 15.Ne2 Bf6 16.Ra2 Nxe3 17.fxe3 Bd3 18.Rc1
Bxc4 19.Rxc4 Rd2 20.Nd4 g6 21.Rxc6 Bxd4 22.exd4 Re8 23.Kf1 Ree2
24.d5 Rxg2 25.d6 Rxh2 26.Kg1 Rhe2 27.Kf1 Re6 28.Rc7 Rexd6 29.Rxa7
Rb6 30.a4 Rbxb2 31.Ra1 Rh2 32.Kg1 Rbg2+ 33.Kf1 Ra2 34.Rxa2 Rxa2
35.a5 h5 36.a6 h4 37.Ra8+ Kg7 38.a7 g5 0-1

[Event "Ch RUS Women Higher League 2010"]
[Site "St. Petersburg RUS"]
[Date "2010.08.28"]
[Round "3"]
[White "Pustovoitova, Daria"]
[Black "Ivakhinova, Inna"]
[Result "1/2-1/2"]
[WhiteElo "2338"]
[BlackElo "2279"]
[Annotator ""]
[Source ""]
[Remark ""]

1.e4 d6 2.Nf3 Nf6 3.c3 g6 4.h3 Bg7 5.Bd3 d5 6.exd5 Nxd5 7.O-O
O-O 8.Be4 e5 9.d4 exd4 10.Bg5 Nf6 11.Nxd4 h6 12.Bxf6 Qxf6 13.Qf3
c6 14.Qxf6 Bxf6 15.Nb3 Nd7 16.N1d2 Nb6 17.Na5 Rb8 18.Bc2 Be6
19.Bb3 Bf5 20.Rfd1 Rfd8 21.Nf3 Kg7 22.Rxd8 Bxd8 23.g4 Bd7 24.Rd1
Bc7 25.Nc4 Nd5 26.Ne3 Nf6 27.h4 Be8 28.Kg2 Rd8 29.Rxd8 Bxd8 30.Ne5
Nd7 31.Nxd7 Bxd7 32.Kg3 Bc7+ 33.Kf3 b5 34.Ng2 a5 35.a4 Bd8 36.Kg3
Kf6 37.f4 Bb6 38.g5+ hxg5 39.hxg5+ Ke7 40.Kf3 Bc5 41.Ne3 Be6
42.Bc2 Kd6 43.Ke4 1/2-1/2

[Event "Ch RUS Women Higher League 2010"]
[Site "St. Petersburg RUS"]
[Date "2010.08.28"]
[Round "3"]
[White "Gromova, Iulia"]
[Black "Demina, Julia"]
[Result "1/2-1/2"]
[WhiteElo "2241"]
[BlackElo "2336"]
[Annotator ""]
[Source ""]
[Remark ""]

1.d4 Nf6 2.c4 e6 3.Nf3 Bb4+ 4.Nbd2 O-O 5.a3 Be7 6.e4 d5 7.e5
Nfd7 8.b4 a5 9.Rb1 axb4 10.axb4 dxc4 11.Nxc4 Nc6 12.Bd2 b5 13.Na5
Nxb4 14.Bxb4 Bxb4+ 15.Rxb4 Rxa5 16.Rxb5 Rxb5 17.Bxb5 Bb7 18.O-O
Nb6 19.Be2 Qd7 20.Qc2 h6 21.Rd1 Ra8 22.Qc5 Ba6 23.Bxa6 Rxa6 24.Rc1
Nd5 25.h3 Ra2 26.Rb1 Nb6 27.Rc1 Nd5 28.Rb1 Nb6 29.Rc1 1/2-1/2

[Event "Ch RUS Women Higher League 2010"]
[Site "St. Petersburg RUS"]
[Date "2010.08.28"]
[Round "3"]
[White "Kashlinskaya, Alina"]
[Black "Belenkaya, Dina"]
[Result "0-1"]
[WhiteElo "2352"]
[BlackElo "2135"]
[Annotator ""]
[Source ""]
[Remark ""]

1.d4 d5 2.c4 c6 3.Nc3 Nf6 4.Nf3 e6 5.Bg5 Nbd7 6.cxd5 exd5 7.e3
Be7 8.Qc2 O-O 9.Bd3 Re8 10.O-O Nf8 11.Rae1 Be6 12.Ne5 N6d7 13.Bxe7
Rxe7 14.Nxd7 Qxd7 15.b4 Rc8 16.Rb1 Qd6 17.Rfc1 Qd8 18.Qa4 Rec7
19.Ne2 Nd7 20.Nf4 a6 21.Qc2 h6 22.Re1 Qf6 23.Ne2 Nb6 24.f4 Re7
25.Ng3 Rce8 26.Qf2 Bd7 27.Nh5 Qd6 28.f5 f6 29.Qf3 Nc4 30.Bxc4
dxc4 31.Qg4 Rf7 32.Rbd1 c3 33.a3 c2 34.Rc1 Qd5 35.Ng3 Rfe7 36.Qf4
Qb3 37.e4 Qxa3 38.Qd2 c5 39.bxc5 Ba4 40.Qa5 Qb3 41.d5 Qb5 42.Qxb5
axb5 43.Ra1 Rc7 44.Nf1 Rxc5 45.Nd2 Rc3 46.Kf2 Ra8 47.Re3 c1Q 0-1

[Event "Ch RUS Women Higher League 2010"]
[Site "St. Petersburg RUS"]
[Date "2010.08.28"]
[Round "3"]
[White "Avdeenko, Tatiana"]
[Black "Bezgodova, Svetlana"]
[Result "0-1"]
[WhiteElo "2187"]
[BlackElo "2114"]
[Annotator ""]
[Source ""]
[Remark ""]

1.e4 e5 2.Nf3 Nc6 3.Bc4 Bc5 4.c3 Nf6 5.d3 O-O 6.b4 Bb6 7.a4 a6
8.O-O d6 9.a5 Ba7 10.Ra2 Ne7 11.Be3 Ng6 12.Bb3 Be6 13.Nbd2 Bxe3
14.fxe3 d5 15.exd5 Nxd5 16.Nc4 Nxc3 17.Qc2 Nxa2 18.Bxa2 Qe7 19.Qb2
Rad8 20.d4 exd4 21.exd4 Nf4 22.Nfe5 Rxd4 0-1

[Event "Ch RUS Women Higher League 2010"]
[Site "St. Petersburg RUS"]
[Date "2010.08.29"]
[Round "4"]
[White "Paikidze, Nazi"]
[Black "Stepovaia, Tatiana"]
[Result "1-0"]
[WhiteElo "2346"]
[BlackElo "2375"]
[Annotator ""]
[Source ""]
[Remark ""]

1.d4 f5 2.g3 Nf6 3.Bg2 d6 4.Nf3 g6 5.c4 Bg7 6.Nc3 O-O 7.O-O a5
8.Qc2 Na6 9.a3 Qe8 10.Re1 e5 11.dxe5 dxe5 12.e4 Nc5 13.Nh4 Nfxe4
14.Nxe4 Nxe4 15.Bxe4 fxe4 16.Qxe4 c6 17.Be3 Qe7 18.Bd4 Bf5 19.Nxf5
gxf5 20.Qe3 Rfe8 21.f4 e4 22.Rad1 Red8 23.Bxg7 Qxg7 24.Qb6 Rd7
25.c5 Kf8 26.Rd6 Ra6 27.Qb3 Rxd6 28.cxd6 Qd4+ 29.Kh1 Qxd6 30.Rd1
Qe7 31.Qc3 Kf7 32.Qh8 Kg6 33.Qg8+ Kh5 34.g4+ fxg4 35.Rg1 1-0

[Event "Ch RUS Women Higher League 2010"]
[Site "St. Petersburg RUS"]
[Date "2010.08.29"]
[Round "4"]
[White "Severiukhina, Zoja"]
[Black "Bodnaruk, Anastasia"]
[Result "1/2-1/2"]
[WhiteElo "2341"]
[BlackElo "2397"]
[Annotator ""]
[Source ""]
[Remark ""]

1.e4 c5 2.Nf3 d6 3.d4 cxd4 4.Nxd4 Nf6 5.Nc3 a6 6.Bg5 e6 7.f4
Qc7 8.Qf3 b5 9.O-O-O b4 10.e5 Bb7 11.Qe2 dxe5 12.fxe5 Nfd7 13.Na4
Nc6 14.Qh5 Nxd4 15.Rxd4 Bc6 16.Rc4 Qb7 17.Be2 Nxe5 18.Nc5 Bxc5
19.Rxc5 Ng6 20.h4 O-O 21.Qg4 f5 22.Qc4 Bd5 23.Qd4 Rac8 24.h5
Nh8 25.Rxd5 Qxd5 26.Qxd5 exd5 27.Bxa6 Rc7 28.Rd1 Ra7 29.Bb5 Rxa2
30.Rxd5 Ra1+ 31.Kd2 Rg1 32.Be7 Rxg2+ 33.Kd3 Rg3+ 34.Kd2 Rg2+
35.Kd3 Rg3+ 36.Kd2 Rg2+ 37.Kd3 1/2-1/2

[Event "Ch RUS Women Higher League 2010"]
[Site "St. Petersburg RUS"]
[Date "2010.08.29"]
[Round "4"]
[White "Bezgodova, Maria"]
[Black "Molchanova, Tatjana"]
[Result "1/2-1/2"]
[WhiteElo "2170"]
[BlackElo "2381"]
[Annotator ""]
[Source ""]
[Remark ""]

1.e4 e6 2.d4 d5 3.exd5 exd5 4.Nf3 Bd6 5.Bd3 Ne7 6.O-O Bg4 7.Re1
Nbc6 8.c3 Qd7 9.Bg5 f6 10.Bh4 O-O-O 11.Nbd2 h5 12.b4 g5 13.Bg3
Bxg3 14.fxg3 Bf5 15.Bxf5 Nxf5 16.Nb3 Nd6 17.Nc5 Qg4 18.Qa4 h4
19.b5 Nb8 20.Re7 Rde8 21.Rae1 Rxe7 22.Rxe7 Qf5 23.Qxa7 hxg3 24.hxg3
Qb1+ 25.Ne1 Qxb5 26.Ne6 Ne8 27.Qc5 Qxc5 28.Nxc5 b6 29.Ne6 Nd7
30.Nd3 Nd6 31.Nb4 Nf5 32.Rf7 Nd6 33.Re7 Nf5 34.Rf7 Nd6 35.Re7 1/2-1/2

[Event "Ch RUS Women Higher League 2010"]
[Site "St. Petersburg RUS"]
[Date "2010.08.29"]
[Round "4"]
[White "Kovanova, Baira"]
[Black "Fominykh, Maria"]
[Result "0-1"]
[WhiteElo "2376"]
[BlackElo "2313"]
[Annotator ""]
[Source ""]
[Remark ""]

1.e4 d6 2.d4 Nf6 3.Nc3 g6 4.Nge2 Bg7 5.g3 O-O 6.Bg2 e5 7.O-O
c6 8.h3 b5 9.Be3 b4 10.dxe5 dxe5 11.Na4 Qa5 12.c3 bxc3 13.b4
Qc7 14.Nexc3 Ba6 15.Re1 Nbd7 16.Rc1 Qb7 17.a3 Rfd8 18.Qc2 Ne8
19.Red1 Bf8 20.h4 Bc4 21.Nb1 Be6 22.Nd2 a5 23.bxa5 Rxa5 24.Rb1
Qc7 25.Nc4 Bxc4 26.Qxc4 Nd6 27.Qc2 Nb5 28.Qb3 Nd4 29.Qc4 Rda8
30.Nc3 Rc5 31.Rxd4 exd4 32.Qxd4 Bg7 0-1

[Event "Ch RUS Women Higher League 2010"]
[Site "St. Petersburg RUS"]
[Date "2010.08.29"]
[Round "4"]
[White "Kovalevskaya, Ekaterina"]
[Black "Tomilova, Elena"]
[Result "1/2-1/2"]
[WhiteElo "2447"]
[BlackElo "2311"]
[Annotator ""]
[Source ""]
[Remark ""]

1.Nf3 d5 2.g3 c5 3.Bg2 Nc6 4.d4 e6 5.O-O Nf6 6.c4 Be7 7.cxd5
exd5 8.dxc5 Bxc5 9.Bg5 Be6 10.Nc3 d4 11.Bxf6 Qxf6 12.Ne4 Qe7
13.Nxc5 Qxc5 14.Rc1 Qb6 15.Ng5 Bf5 16.e4 Bg6 17.f4 h6 18.f5 hxg5
19.fxg6 f6 20.Rxc6 bxc6 21.Qg4 d3+ 22.Kh1 Qd4 23.Qe6+ Kd8 24.e5
d2 25.exf6 d1Q 26.Qe7+ Kc8 27.fxg7 Qxf1+ 28.Bxf1 Qd5+ 29.Kg1
Qd4+ 30.Kh1 Qd5+ 31.Kg1 Qd4+ 1/2-1/2

[Event "Ch RUS Women Higher League 2010"]
[Site "St. Petersburg RUS"]
[Date "2010.08.29"]
[Round "4"]
[White "Zaiatz, Elena"]
[Black "Zakurdjaeva, Irina"]
[Result "1-0"]
[WhiteElo "2398"]
[BlackElo "2280"]
[Annotator ""]
[Source ""]
[Remark ""]

1.d4 d5 2.c4 c6 3.Nc3 Nf6 4.Nf3 e6 5.Bg5 h6 6.Bxf6 Qxf6 7.a3
dxc4 8.Ne5 Nd7 9.Nxc4 Nb6 10.Ne5 g6 11.e3 Bg7 12.Bd3 O-O 13.Qc2
Nd7 14.f4 Nxe5 15.dxe5 Qh4+ 16.g3 Qe7 17.Ne4 Rd8 18.h4 h5 19.g4
hxg4 20.h5 gxh5 21.Rxh5 b6 22.O-O-O Bb7 23.Qh2 Rxd3 24.Rxd3 c5
25.Ng5 f6 26.exf6 Qxf6 27.Rd7 Bd5 28.Rh8+ 1-0

[Event "Ch RUS Women Higher League 2010"]
[Site "St. Petersburg RUS"]
[Date "2010.08.29"]
[Round "4"]
[White "Belenkaya, Dina"]
[Black "Girya, Olga"]
[Result "1/2-1/2"]
[WhiteElo "2135"]
[BlackElo "2376"]
[Annotator ""]
[Source ""]
[Remark ""]

1.d4 d5 2.c4 c6 3.Nf3 Nf6 4.e3 Bg4 5.cxd5 Bxf3 6.Qxf3 cxd5 7.Nc3
Nc6 8.Bd3 e6 9.Bd2 Be7 10.Rc1 O-O 11.O-O Rc8 12.Rfd1 a6 13.Be1
b5 14.g3 Qb6 15.Bd2 Rfd8 16.Qe2 g6 17.Nb1 Rc7 18.a3 Rdc8 19.Kg2
Ne8 20.Qe1 Nd6 21.b3 Nb7 22.Qe2 Nd6 23.Qf1 Bf8 24.Rc2 Ne4 25.Rdc1
Nxd2 26.Rxd2 e5 27.dxe5 Nxe5 28.Rxc7 Rxc7 29.Be2 Qc6 30.Kg1 h5
31.h4 Bc5 32.Qd1 Rd7 33.Qc2 Qb6 34.Kg2 d4 35.exd4 Rxd4 36.Rxd4
Bxd4 37.Qe4 Kg7 38.Nd2 Nd7 39.Qf3 Nf6 40.Ne4 Nxe4 41.Qxe4 Qf6
42.Qf3 Qe5 43.a4 Qc5 44.axb5 axb5 45.Bd3 Qe5 1/2-1/2

[Event "Ch RUS Women Higher League 2010"]
[Site "St. Petersburg RUS"]
[Date "2010.08.29"]
[Round "4"]
[White "Shadrina, Tatiana"]
[Black "Suslova, Alena"]
[Result "1-0"]
[WhiteElo "2374"]
[BlackElo "2210"]
[Annotator ""]
[Source ""]
[Remark ""]

1.e4 c5 2.Nf3 d6 3.d4 cxd4 4.Nxd4 Nf6 5.Nc3 g6 6.Be3 Bg7 7.f3
O-O 8.Qd2 Nc6 9.O-O-O d5 10.exd5 Nxd5 11.Nxc6 bxc6 12.Bd4 Nxc3
13.Qxc3 Bh6+ 14.Be3 Bxe3+ 15.Qxe3 Qb6 16.Qxe7 Be6 17.Qa3 Rab8
18.h4 h5 19.Qc3 Rfd8 20.Rxd8+ Rxd8 21.Bd3 Qf2 22.Qe1 Qxg2 23.Rg1
Qxf3 24.Bxg6 Kf8 25.Bd3 Qf4+ 26.Kb1 Bg4 27.Rf1 Qd4 28.b3 Re8
29.Qd2 c5 30.Qh6+ Ke7 31.Bb5 Rg8 32.Re1+ Be6 33.Bc4 Rg1 34.Qc1
Rxe1 35.Qxe1 Kd6 36.Be2 Bg4 37.Bd3 Be6 38.a4 f5 39.Qa5 Qxh4 40.Qxa7
Qb4 41.Qa8 Qe1+ 42.Kb2 Qe5+ 43.Ka2 Qd4 44.a5 Qa4+ 45.Kb1 Qb4
46.a6 Bxb3 47.Qd8+ Ke5 48.cxb3 Qxb3+ 49.Kc1 Qc3+ 50.Kd1 Qb3+
51.Ke2 Qb2+ 52.Kf3 Qc1 53.Qe7+ Kd5 54.Qd7+ Ke5 55.Qxf5+ 1-0

[Event "Ch RUS Women Higher League 2010"]
[Site "St. Petersburg RUS"]
[Date "2010.08.29"]
[Round "4"]
[White "Gromova, Iulia"]
[Black "Pustovoitova, Daria"]
[Result "1/2-1/2"]
[WhiteElo "2241"]
[BlackElo "2338"]
[Annotator ""]
[Source ""]
[Remark ""]

1.d4 d5 2.c4 e6 3.Nf3 Nf6 4.Bg5 Be7 5.cxd5 exd5 6.Nc3 c6 7.Qc2
Na6 8.a3 Nc7 9.e3 Bg4 10.Ne5 Bh5 11.Bd3 Bg6 12.Nxg6 hxg6 13.h3
Ne6 14.Bxf6 gxf6 15.O-O-O Qd7 16.Qa4 Nc7 17.e4 a6 18.Qb3 O-O-O
19.Rhe1 Rhe8 20.Na4 Kb8 21.Kb1 Bf8 22.Nb6 Qd6 23.exd5 Rxe1 24.Rxe1
cxd5 25.Rd1 Nb5 26.Bxb5 Qxb6 27.Bc4 Qxb3 28.Bxb3 f5 29.Kc2 Kc7
30.Kd3 Rd6 31.Rc1+ 1/2-1/2

[Event "Ch RUS Women Higher League 2010"]
[Site "St. Petersburg RUS"]
[Date "2010.08.29"]
[Round "4"]
[White "Demina, Julia"]
[Black "Stjazhkina, Olga"]
[Result "1-0"]
[WhiteElo "2336"]
[BlackElo "2273"]
[Annotator ""]
[Source ""]
[Remark ""]

1.d4 d5 2.Nf3 Nf6 3.c4 dxc4 4.e3 e6 5.Bxc4 c5 6.O-O a6 7.dxc5
Qxd1 8.Rxd1 Bxc5 9.Nbd2 Nbd7 10.Nb3 Be7 11.Be2 O-O 12.Nfd4 Nc5
13.Nxc5 Bxc5 14.Nb3 Bb6 15.Bd2 e5 16.Na5 Re8 17.Bb4 Bxa5 18.Bxa5
Be6 19.b3 Rac8 20.Rac1 Bd5 21.f3 h6 22.Kf2 Be6 23.e4 Kh7 24.Ke3
Ng8 25.Rc7 Rxc7 26.Bxc7 f6 27.Rd8 Rxd8 28.Bxd8 Kg6 29.g3 Kf7
30.f4 Ke8 31.Bc7 Kd7 32.Bb8 Ne7 33.fxe5 Nc6 34.Bd6 Nxe5 35.Bf8
g6 36.h4 h5 37.Kd4 Bh3 38.b4 Ke6 39.Bd1 b5 40.Bb3+ Nc4 41.a4
Bf1 42.a5 Be2 43.Bh6 Kd6 44.Bf4+ Kc6 45.e5 f5 46.e6 Bf1 47.Bxc4
Bxc4 48.Ke5 Kc7 49.Kf6+ Kd8 50.Kf7 Bb3 51.Bg5+ Kc7 52.Kxg6 Bxe6
53.Bf4+ Kd7 54.Kxh5 Ke7 55.Kg6 Kf8 56.Kf6 Bd7 57.Bd6+ Kg8 58.h5
Kh7 59.Bf4 Be8 60.h6 Bg6 1-0

[Event "Ch RUS Women Higher League 2010"]
[Site "St. Petersburg RUS"]
[Date "2010.08.29"]
[Round "4"]
[White "Kharashuta, Ekaterina"]
[Black "Kindinova, Ekaterina"]
[Result "1-0"]
[WhiteElo "2298"]
[BlackElo "2185"]
[Annotator ""]
[Source ""]
[Remark ""]

1.Nf3 Nf6 2.g3 e6 3.Bg2 a6 4.c4 b5 5.b3 Bb7 6.Nc3 b4 7.Na4 Be7
8.Bb2 O-O 9.O-O d6 10.Qc2 Nbd7 11.Rfe1 c5 12.d4 cxd4 13.Nxd4
Bxg2 14.Kxg2 Qc7 15.Rad1 Rfc8 16.Qd2 Qb7+ 17.f3 Rab8 18.e4 Ne5
19.Qe3 Rd8 20.Re2 Rbc8 21.Red2 Ned7 22.Nc2 Bf8 23.Bd4 Rc6 24.Ne1
Rdc8 25.Nd3 Ne8 26.Nf2 Nc7 27.Ng4 d5 28.Qg5 e5 29.Bxe5 f6 30.Bxf6
Nxf6 31.cxd5 Nfxd5 32.exd5 Rg6 33.Qh5 Nb5 34.Ne5 Rf6 35.Nc6 Bd6
36.Re1 Rcf8 37.Rd3 Rf5 38.Qg4 Qf7 39.Qe4 Nc7 40.Ne7+ Bxe7 41.Qxe7
Qxe7 42.Rxe7 Rxd5 43.Rxd5 Nxd5 44.Re5 Rd8 45.Kf2 Kf7 46.Re2 Rc8
47.Rd2 Ke6 48.Nb2 Rc1 49.Nd3 Rc6 50.Ne1 a5 51.Nc2 Rc3 52.Nd4+
Ke5 53.Ne2 Rc5 54.h3 g6 55.f4+ Kf6 56.Kf3 Nc3 57.Rc2 Ke6 58.Nxc3
bxc3 59.Ke4 h5 60.Kd4 Rc8 61.Rxc3 Rd8+ 62.Ke4 Rd2 63.a4 Re2+
64.Kd3 Rg2 65.Kd4 Kd6 66.Kc4 Kc6 67.Re3 Kc7 68.Kb5 Rf2 69.Kxa5
h4 70.b4 hxg3 71.Rxg3 Rxf4 72.Rxg6 Rh4 73.Rg3 1-0

[Event "Ch RUS Women Higher League 2010"]
[Site "St. Petersburg RUS"]
[Date "2010.08.29"]
[Round "4"]
[White "Ivakhinova, Inna"]
[Black "Dogodkina, Julia"]
[Result "1-0"]
[WhiteElo "2279"]
[BlackElo "2102"]
[Annotator ""]
[Source ""]
[Remark ""]

1.d4 Nf6 2.c4 g6 3.Nc3 Bg7 4.Nf3 O-O 5.e4 d6 6.Be2 e5 7.O-O Nbd7
8.Re1 c6 9.Bf1 a5 10.h3 Qe7 11.Bg5 h6 12.Be3 exd4 13.Bxd4 Ne5
14.Nh2 Nh5 15.Qd2 g5 16.Rad1 Be6 17.b3 Rfd8 18.Bb6 Rd7 19.Na4
g4 20.Be2 Nf6 21.Bxg4 Nfxg4 22.hxg4 c5 23.Bxa5 Rxa5 24.Qxa5 Bxg4
25.f3 Nc6 26.Qd2 Bh5 27.Nb6 Bd4+ 28.Kh1 Rd8 29.Nd5 Qh4 30.Qf4
Qxf4 31.Nxf4 Bg6 32.Ng4 h5 33.Ne3 Kg7 34.g3 Ra8 35.a4 Be5 36.Kg2
Nd4 37.Rb1 Nc6 38.Rh1 Rh8 39.Rh3 Nd4 40.Ned5 Bxf4 41.Nxf4 f5
42.Nxg6 Kxg6 43.exf5+ Nxf5 44.g4 Ng7 45.Rbh1 Re8 46.gxh5+ Kh6
47.Kf2 b6 48.Rg1 Nf5 49.Rg6+ Kh7 50.Rf6 Nd4 51.Rxd6 Re2+ 52.Kf1
Re3 53.Rxb6 Nxb3 54.Kf2 Rd3 55.h6 Na5 56.Ra6 Nxc4 57.Ra7+ Kh8
58.h7 Rd2+ 59.Kg3 Rd8 60.Rc7 Ne5 61.Rxc5 Nf7 62.Rf5 Rd4 63.a5
Ra4 64.Rb5 Kg7 65.Rb7 Kh8 66.Rb8+ 1-0

[Event "Ch RUS Women Higher League 2010"]
[Site "St. Petersburg RUS"]
[Date "2010.08.29"]
[Round "4"]
[White "Bezgodova, Svetlana"]
[Black "Markelova, Lubov"]
[Result "1-0"]
[WhiteElo "2114"]
[BlackElo "2075"]
[Annotator ""]
[Source ""]
[Remark ""]

1.Nf3 d5 2.b3 c6 3.Bb2 Bg4 4.e3 Nd7 5.d4 Ngf6 6.Bd3 e6 7.Nbd2
Be7 8.c4 O-O 9.Qc2 g6 10.O-O Bf5 11.e4 dxe4 12.Nxe4 Nxe4 13.Bxe4
Bxe4 14.Qxe4 Nf6 15.Qe2 a5 16.a3 Qb6 17.Qc2 Rfd8 18.Rfe1 Nh5
19.Re4 Ng7 20.Ne5 Nf5 21.Rd1 Bf6 22.c5 Qc7 23.Nc4 Ne7 24.Nb6
Rab8 25.Bc3 Nc8 26.g3 Bg7 27.Kg2 Nd6 28.Ree1 Nb5 29.Bxa5 Nxd4
30.Qc4 Qe7 31.Na4 Rd5 32.Bb6 Qf6 33.Rd3 Rf5 34.Rf1 Nf3 35.Bc7
Re8 36.Nb6 Ne5 37.Bxe5 Qxe5 38.b4 Qb2 39.a4 e5 40.Qb3 Qe2 41.Nc4
Rh5 42.Nd6 Rf8 43.Qd1 Qa2 44.a5 Qe6 45.h4 e4 46.Re3 Rd5 47.Qc2
f5 48.Nxb7 Bh6 49.Re2 Qd7 50.Nd6 f4 51.Rxe4 fxg3 52.Qe2 gxf2
53.Re7 Qxe7 54.Qxe7 Rd4 55.Qe6+ 1-0